书目信息 |
| 题名: |
材料化学
|
|
| 作者: | 周志华 编著 | |
| 分册: | ||
| 出版信息: | 北京 化学工业出版社 2006 |
|
| 页数: | 285页 | |
| 开本: | 24cm | |
| 丛书名: | 21世纪化学丛书 | |
| 单 册: | ||
| 中图分类: | TB3 | |
| 科图分类: | ||
| 主题词: | 材料科学--应用化学 , 材料科学 , 应用化学 | |
| 电子资源: | ||
| ISBN: | 7-5025-7243-0 | |
| 000 | 00904oam2 2200277 450 | |
| 001 | 010700016421 | |
| 005 | 20061107104824.48 | |
| 010 | @a7-5025-7243-0@dCNY29.80 | |
| 100 | @a20060206d2006 em y0chiy0110 ea | |
| 101 | 0 | @achi |
| 102 | @aCN@b110000 | |
| 105 | @aak z 000yy | |
| 200 | 1 | @a材料化学@9cai liao hua xue@f周志华[等]编著 |
| 210 | @a北京@c化学工业出版社@d2006 | |
| 215 | @a285页@c图@d24cm | |
| 225 | 2 | @a21世纪化学丛书 |
| 304 | @a编著还有:金安定、赵波、朱小蕾 | |
| 330 | @a本书介绍了陶瓷新品种、磁性材料、分子电子材料、功能高分子、金属合金材料、非线性光学材料和发光材料、新材料在传感器中的应用以及材料化学实验技术等。 | |
| 461 | 0 | @12001 @a21世纪化学丛书@1701 0@a陈洪渊@4主编 |
| 606 | 0 | @a材料科学@x应用化学 |
| 606 | 0 | @a材料科学 |
| 606 | 0 | @a应用化学 |
| 690 | @aTB3@v4 | |
| 701 | 0 | @a周志华@9zhou zhi hua@4编著 |
| 801 | 0 | @aCN@bRENTIAN@c20061107 |
| 905 | @a10447@dTB3@e137 | |
| 材料化学/周志华[等]编著.-北京:化学工业出版社,2006 |
| 285页:图;24cm.-(21世纪化学丛书) |
| ISBN 7-5025-7243-0:CNY29.80 |
| 本书介绍了陶瓷新品种、磁性材料、分子电子材料、功能高分子、金属合金材料、非线性光学材料和发光材料、新材料在传感器中的应用以及材料化学实验技术等。 |
| ● |
| 相关链接 |
|
|
|
|
正题名:材料化学
索取号:TB3/137
 
预约/预借
| 序号 | 登录号 | 条形码 | 馆藏地/架位号 | 状态 | 备注 |
| 1 | 0381767 | 203817673 | 第二样本阅览室/ [索取号:TB3/137] | 在馆 | |
| 2 | 0381768 | 203817682 | 第三借阅区/ [索取号:TB3/137] | 在馆 | |
| 3 | 0381769 | 203817691 | 第三借阅区/ [索取号:TB3/137] | 在馆 | |
| 4 | 0381770 | 203817708 | 第三借阅区/ [索取号:TB3/137] | 在馆 | |
| 5 | 0381771 | 203817717 | 第三借阅区/ [索取号:TB3/137] | 在馆 |